banner-ar

حرب الالغام البرية والبحرية / (Record no. 46518)

MARC details
000 -الفاتح
حقل البيانات ثابتة الطول 00592nam a2200193Ia 4500
008 - عناصر البيانات ثابتة الطول - معلومات عامة
حقل البيانات ثابتة الطول 140319s9999 xx 000 0 ara d
040 ## - مصدر الفهرسة
وكالة الفهرسة الأصلية GCL /
وكالة النسخ GCL
082 04 - رقم تصنيف ديوى العشرى
رقم التصنيف 355.82
رقم المادة ط ح
100 1# - المدخل الرئيسى - إسم شخصى
الإسم الشخصى طلعت نورى على
245 10 - بيان العنوان
العنوان حرب الالغام البرية والبحرية /
بيان المسئوليه,etc طلعت نورى على
300 ## - الوصف المادى
التعداد 220 ص
490 ## - بيان السلسلة
عنوان السلسلة سلسلة العلوم العسكرية
رقم المجلد/ التعيين التسلسلي 0
650 04 - المدخل الاضافى بالموضوع-مصطلح موضوعى
مصطلح موضوعي الالغام
650 04 - المدخل الاضافى بالموضوع-مصطلح موضوعى
مصطلح موضوعي الالغام البحرية
650 04 - المدخل الاضافى بالموضوع-مصطلح موضوعى
مصطلح موضوعي كاسحات الالغام
650 04 - المدخل الاضافى بالموضوع-مصطلح موضوعى
مصطلح موضوعي الالغام البرية
942 ## - عناصر المدخل الإضافي( كوها)
مصدر التصنيف او مخطط الترفيف Dewey Decimal Classification
Koha [default] item type كتاب
Holdings
حالة التراجع حالة الفقد حالة تلف ليس للاعارة المكان المؤقت الموقع الحالى تاريخ الاكتساب اجمالي اﻻعارات رقم الطلب الباركود تاريخ اخر مشاهدة تاريخ تفعيل السعر نوع وعاء كوها
        مكتبة القاهرة الكبرى مكتبة القاهرة الكبرى 03/26/2014   355.82\ط ح 113295 03/26/2014 03/26/2014 كتاب

Powered By

EGPV